Сборник вопросов и ответов [по учету и отчетности]. № 6 (Запись № 13601766)

Подробности
000 -МАРКЕР
контрольное поле 01290nam2a2200229 4500
001 - ИДЕНТИФИКАТОР ЗАПИСИ
контрольное поле rc\2950869
005 - ИДЕНТИФИКАТОР ВЕРСИИ
контрольное поле 20260315060237.0
035 ## - ДРУГИЕ СИСТЕМНЫЕ НОМЕРА
Идентификатор записи (NLR Aleph) 007098494
100 ## - ДАННЫЕ ОБЩЕЙ ОБРАБОТКИ
Данные общей обработки 20110830d1935 u y0rusy50 ca
101 0# - ЯЗЫК РЕСУРСА
Язык текста, звукозаписи и т.д. русский
102 ## - СТРАНА ПУБЛИКАЦИИ ИЛИ ПРОИЗВОДСТВА
Страна публикации Российская Федерация
105 ## - ПОЛЕ КОДИРОВАННЫХ ДАННЫХ: ТЕКСТОВЫЕ МАТЕРИАЛЫ, МОНОГРАФИЧЕСКИЕ
Кодированные данные о монографическом текстовом документе y z |||||
200 0# - ЗАГЛАВИЕ И СВЕДЕНИЯ ОБ ОТВЕТСТВЕННОСТИ
Основное заглавие № 6
210 ## - ПУБЛИКАЦИЯ, РАСПРОСТРАНЕНИЕ И ДР.
Дата издания, распространения и т.д. [1935]
215 ## - ФИЗИЧЕСКАЯ ХАРАКТЕРИСТИКА
Специфическое обозначение материала и объем 11 с.
461 #0 - УРОВЕНЬ НАБОРА
Встроенное поле 001rc\2950868
-- 2001#$aСборник вопросов и ответов [по учету и отчетности]$e№ ... (п. 4-й программы)$fЦУНХУ Госплана СССР. Гос. Всесоюз. объединение "Союзоргучет". Контора "Оргучет". Консультационно-информ. бюро ... Июнь 1935 г.$v№ 6
Системный номер (АБИС) связанной записи 6646164
Место публикации [Ленинград]
Дата публикации [1935]
Первые сведения об ответственности ЦУНХУ Госплана СССР. Гос. Всесоюз. объединение "Союзоргучет". Контора "Оргучет". Консультационно-информ. бюро ... Июнь 1935 г.
Имя издателя, распространителя и т.д. Б. и.
Сведения, относящиеся к заглавию № ... (п. 4-й программы)
Заглавие Сборник вопросов и ответов [по учету и отчетности]
Номер тома № 6
801 #0 - ИСТОЧНИК ЗАПИСИ
Страна Российская Федерация
Организация NLR
Правила каталогизации psbo
801 #1 - ИСТОЧНИК ЗАПИСИ
Страна Российская Федерация
Организация ELAR
Источник данных rusmarc
852 ## - МЕСТОНАХОЖДЕНИЕ И ШИФР ХРАНЕНИЯ
Идентификатор организации NLR
Шифр хранения (Call Number) 34-17/514(17)
942 ## - ДОПОЛНИТЕЛЬНЫЕ ЭЛЕМЕНТЫ ЗАПИСИ (АБИС)
Тип экземпляра АБИС Неопределено
980 ## - КОЛЛЕКЦИЯ
Название коллекции Национальная библиография

Нет доступных экземпляров.